000 01807nam0a2200361 4500
001 RU\NLR\BIBL_A\010734128
005 20211227115414.0
021 _aRU
_b2015-16343
_9985
035 _a(NLR Aleph) 010734128
035 _a(NILC)RuMoRGB-007887882
090 _a9875192
_c9875192
100 _a20150420d2015 km y0rusy50 ca
101 0 _arus
_deng
102 _aRU
105 _aa z 000yy
200 1 _aОпределение вращательного движения спутника Фотон М-4
_fВ. И. Абрашкин, К.Е. Воронов, И.В. Пияков [и др.]
210 _aМосква
_cИПМ им. М. В. Келдыша РАН
_d2015
215 _a40 с.
_cил., табл.
_d21
225 1 _aПрепринт
_fИн-т прикладной математики им. М. В. Келдыша Российской акад. наук
_v№ 8 за 2015 г.
_x2071-2898
225 1 _aПрепринты ИПМ им. М.В. Келдыша
_dKeldysh institute preprints
_zeng
300 _aРез. на англ. яз.
320 _aБиблиогр.: с. 18-19 (11 назв.)
606 1 _aФотон М-4, искусственные спутники Земли
_xВращение в полете
_2nlr_sh2
_3RU\NLR\AUTH\6601570381
686 1 _aО643.1-015
701 1 _aАбрашкин
_bВ. И.
_gВалерий Иванович
701 1 _aВоронов
_bК. Е.
_cканд. техн. наук, космич. приборостроение
_gКонстантин Евгеньевич
_3RU\NLR\AUTH\770237804
701 1 _aПияков
_bИ. В.
_gИгорь Владимирович
801 0 _aRU
_bРГБ
_c20150316
_gRCR
942 _cBOOK
980 _aNBR
980 _aNB